000 00388 a2200133 4500
001 87817
082 _aPR 194
090 _c41279
_d41279
100 _aNaeem Iqbal, Plt Off 15877 72 EC
245 _aComposite laminate design and optimization using genetic algorithm
260 _aRisalpur
_bNUST Risalpur
_c2012
300 _a60p.
_eFarrukh Mazhar, Sqn Ldr
500 _aBE Project Reports
942 _aCAE NUST
_kPR 194
999 _c322890
_d322890